[Event "EU-ch Online U12"]
[Site "Tornelo INT"]
[Date "2020.09.19"]
[Round "6"]
[White "Brady, Fearghal"]
[Black "Dotzer, Lukas"]
[Result "1-0"]
[WhiteElo "1552"]
[BlackElo "1408"]
[PlyCount "75"]
[EventDate "2020.09.18"]
[EventType "swiss (rapid)"]
[EventRounds "9"]
[EventCountry "ENG"]
[SourceTitle "EXT 2023"]
[Source "ChessBase"]
[SourceDate "2022.10.05"]
[SourceVersion "1"]
[SourceVersionDate "2022.10.05"]
[SourceQuality "1"]
[WhiteTeam "Irland"]
[BlackTeam "Austria"]
[WhiteTeamCountry "IRL"]
[BlackTeamCountry "AUT"]

1. Nf3 Nf6 2. g3 c6 3. Bg2 d5 4. 0-0 Bg4 5. d3 Nbd7 6. Nbd2 e5 7. e4 dxe4 8. dxe4 Bc5 9. Qe2 Qc7 10. Re1 0-0-0 11. c3 h5 12. b4 Bb6 13. Nc4 h4 14. Nxb6+ axb6 15. a4 hxg3 16. fxg3 Kb8 17. a5 b5 18. c4 bxc4 19. Qxc4 Ne8 20. Be3 Nd6 21. Qc2 f5 22. a6 f4 23. Bf2 b5 24. a7+ Ka8 25. Ra6 Nc4 26. Ng5 Rh5 27. gxf4 exf4 28. e5 Ndxe5 29. Rxe5 Rxg5 30. Rxc6 Bf5 31. Rxc7+ Rxg2+ 32. Kxg2 Bxc2 33. Rec5 Be4+ 34. Kh3 Nd6 35. Rxg7 Bf5+ 36. Kg2 Be4+ 37. Kg1 Ne8 38. Rd7 1-0

[Event "EU-ch Online U12"]
[Site "Tornelo INT"]
[Date "2020.09.18"]
[Round "3"]
[White "Brady, Fearghal"]
[Black "De Winter, Arthur"]
[Result "0-1"]
[WhiteElo "1552"]
[BlackElo "1987"]
[PlyCount "68"]
[EventDate "2020.09.18"]
[EventType "swiss (rapid)"]
[EventRounds "9"]
[EventCountry "ENG"]
[SourceTitle "EXT 2023"]
[Source "ChessBase"]
[SourceDate "2022.10.05"]
[SourceVersion "1"]
[SourceVersionDate "2022.10.05"]
[SourceQuality "1"]
[WhiteTeam "Irland"]
[BlackTeam "Netherlands"]
[WhiteTeamCountry "IRL"]
[BlackTeamCountry "NED"]

1. Nf3 Nf6 2. g3 g6 3. Bg2 Bg7 4. 0-0 0-0 5. d3 d5 6. Nbd2 c5 7. e4 Nc6 8. Qe2 Bg4 9. c3 dxe4 10. dxe4 Qc7 11. Re1 Rad8 12. h3 Bc8 13. Nc4 b5 14. Bf4 Qb7 15. Nce5 Nxe5 16. Nxe5 Nh5 17. Qf3 Nxf4 18. Qxf4 g5 19. Qxg5 f6 20. Qe3 fxe5 21. Qxc5 Rd2 22. f3 Rxb2 23. Qe3 Qb6 24. Qxb6 axb6 25. Red1 Be6 26. a3 Rc8 27. Rd3 Kf7 28. a4 Ra8 29. f4 Rxa4 30. Rxa4 bxa4 31. Rd8 a3 32. Ra8 a2 33. Kh2 exf4 34. gxf4 Bxc3 0-1